000 01121nam a2200241Ia 4500
001 3036
003 GE_BSU
008 181216s||||||||xx |||||||||||||| ||und||
020 _a571330938Х
040 _cGE_BSU
080 _a33(038)+336
245 _aТолковый Экономичческий и финансовый словарь: Французская, Русская, Английская, Немецкая, Испанская терминолгия двух томах =Dictionnaire économique et Finqncier:А-Е.
245 _cИВ Бернар и Жан- Клод Колли, Под. общей ред: Л.В. Стпаова, ред. В.Б. Рыбакован
250 _aТом !
260 _aМосква
260 _bМеждународные Отношения
260 _c1997
300 _a784 ст. 21 см.
541 _h24 Л.30 Т.
653 _aТолковый Экономичческий и финансовый словарь:
653 _aФранцузская,Русская, Английская,Немецкая, Испанская
942 _cBK
999 _c37080
_d37080